| 000 | 00981cam a22002651i 4500 | ||
|---|---|---|---|
| 003 | SA-RiAUC | ||
| 005 | 20250928075526.0 | ||
| 008 | 250805s1986 ua g b 000 0 ara c | ||
| 040 |
_aSA-JeALM _bara _cSA-RiAUC _erda |
||
| 082 | 0 | 4 | _a255 |
| 090 |
_a255 _bخ ي ا |
||
| 100 | 1 |
_aالخياط، عبد العزيز عزت، _d1924-2011 _eمؤلف. |
|
| 245 | 1 | 2 |
_aالمؤيدات التشريعية : _bنظرية العقوبات / _cعبد العزيز عزت الخياط. |
| 250 | _aالطبعة الثانية. | ||
| 264 | 1 |
_aالقاهرة : _bدار السلام، _c1986 |
|
| 300 |
_a144 صفحة ؛ _c24 سم |
||
| 336 |
_aنص _btxt _2rdacontent _3كتاب |
||
| 337 |
_aبدون وسيط _bn _2rdamedia |
||
| 338 |
_aمجلد _bnc _2rdacarrier |
||
| 504 | _aببليوجرافية : صفحة 136-138. | ||
| 650 | 7 |
_aالعقوبات (فقه إسلامي) _2aucsh |
|
| 942 |
_2ddc _cBOOK _n0 |
||
| 949 |
_aSA-JeALM _d250805 _uosman123 _n1 |
||
| 999 |
_c12133 _d12133 |
||